Statistics for Countries With Most Cars

Click here to take the quiz!

General Stats

  • This quiz has been taken 3,328 times
  • The average score is 12 of 20

Answer Stats

Cars per 1000Country% Correct
797United States
98%
572Germany
92%
578France
87%
591Japan
87%
607Canada
86%
679Italy
82%
593Spain
80%
696Australia
74%
584Norway
58%
712New Zealand
56%
578Austria
54%
612Finland
53%
863Monaco
53%
624Greece
47%
739Luxembourg
45%
1263San Marino
45%
750Liechtenstein
38%
745Iceland
37%
693Malta
30%
567Slovenia
21%

Score Distribution

Percentile by Number Answered

Percent of People with Each Score

Your Score History

You have not taken this quiz